| 000 | 00378 a2200157 4500 | ||
|---|---|---|---|
| 001 | 151163 | ||
| 040 | _cEscola São Tomás de Aquino | ||
| 100 | _aSTANNARD, Russel | ||
| 240 | 1 | 0 |
_aO tempo e espaço do tio Albert _lpor |
| 245 | 1 | 0 | _aO tempo e espaço do tio Albert |
| 300 | _a159 | ||
| 362 | 0 | _a2005 | |
| 440 | 1 | _aCompanhia das Letras | |
| 697 | _aCIÊNCIAS | ||
| 942 | _cBK | ||
| 999 |
_c151163 _d151163 |
||